00392 2200157 4500245005100000020002200051250001100073100001600084650002300100005001900123260003600142041001400178084001000192490002300202336000900225 aEnsiklopedia Flora Volume 3cBudi SuhonohText a978-602-8415-11-8 aCet. 1 aBudi Suhono aEnsiklopedia Flora a20231108134145 aJakartabPT Kharisma Ilmuc2010 aIndonesia a580.3 aEnsiklopedia Flora atext